| 000 | 00682nam a22002057a 4500 | ||
|---|---|---|---|
| 003 | OSt | ||
| 005 | 20130503122123.0 | ||
| 008 | 130503s2010 sp ||||| |||| 00| 0 cat d | ||
| 020 | _a9788493779580 | ||
| 040 | _cCDMR | ||
| 100 | 1 |
_93326 _aPassarell, Jaume _d1889-1975 |
|
| 245 | 1 | 0 |
_aBohemis, pistolers, anarquistes i altres ninots _b: articles 1929-1940 _cJaume Passarell ; edició a cura de Valentí Soler |
| 260 |
_aBarcelona _bA Contra Vent _c2010 |
||
| 300 | _a296 p. | ||
| 490 | 0 |
_aAbans d'ara _v11 |
|
| 600 | 1 |
_93326 _aPassarell, Jaume _d1889-1975 _vRecull d'escrits |
|
| 650 | 0 | 4 |
_93139 _aPeriodistes catalans _vBiografia |
| 700 | 1 |
_91228 _aSoler, Valentí _eed. |
|
| 942 |
_2udc _cMON |
||
| 999 |
_c6176 _d6176 |
||